AS Nancy-Lorraine - Joueurs les plus capés - Statistiques

Statistiques générales
  • Ce quiz a été pris 45 fois
  • Le résultat moyen est 2 sur 10
Statistiques - réponses
Apparition Nationalité Joueur % Correct
385 Maroc Youssouf Hadji
97%
483 France Cédric Lecluse
41%
290 Brésil André Luiz
33%
395 France Frédéric Biancalani
21%
335 France Jean-Michel Moutier
15%
340 France Paco Rubio
13%
297 France Olivier Rambo
8%
289 France Eric Martin
5%
278 France Paul Fischer
3%
344 France 7 Maroc Michaël Chrétien Basser
0%
Aucun quiz correspondant
Distribution des résultats
% des personnes avec chaque résultat
Percentile par nombre de réponses
Votre historique - résultats
Vous n’avez pas pris ce quiz